- Peza, Juan de Dios,
Entry Nombre Personal
001 - NUMERO DE CONTROL
- campo de control: 29422
003 - IDENTIFICADOR DE NUMERO DE CONTROL
- campo de control: DLC
005 - FECHA Y HORA DE LA ÜLTIMA TRANSACCIÓN
- campo de control: 20220822120810.0
008 - DATOS DE LONGITUD FIJA
- campo de control de longitud fija: 220822n| acannaabn |a aaa
010 ## - NÚMERO DE CONTROL DE LA BIBLIOTECA DEL CONGRESO
- Número de control LC: n 86804838
035 ## - NUMERO DE CONTROL
- Número de control: (OCoLC)oca01485114
040 ## - FUENTE DE CATALOGACIÓN
- Agencia original de catalogación: DLC
- Lenguaje de catalogación: spa
- Agencia de transcripción: DLC
- Agencia que lo modifica: DLC
- Agencia que lo modifica: UPB
- Agencia que lo modifica: OCoLC
- Agencia que lo modifica: TxU
- Agencia que lo modifica: MX-MxUPN
053 #0 - NÚMERO DE CLASIFICACIÓN LC
- Número de clasificación elemento-número único o número inicial de tramo: PQ7297.P38
100 1# - ENCABEZAMIENTO - NOMBRE PERSONAL
- Nombre personal: Peza, Juan de Dios,
- Fechas asociadas con el nombre: 1852-1910
400 0# - VEÁSE - NOMBRE DE PERSONA
- Personal name: Un Devoto del Pensador Mexicano,
- Dates associated with a name: 1852-1910
400 0# - VEÁSE - NOMBRE DE PERSONA
- Personal name: Devoto del Pensador Mexicano,
- Dates associated with a name: 1852-1910
400 1# - VEÁSE - NOMBRE DE PERSONA
- Personal name: Dios Peza, Juan de,
- Dates associated with a name: 1852-1910
400 1# - VEÁSE - NOMBRE DE PERSONA
- Personal name: De Dios Peza, Juan,
- Dates associated with a name: 1852-1910
670 ## - FUENTE EN LA QUE SE LOCALIZARON DATOS
- Cita de la fuente: nuc86-8301: Riva Palacio, V. Tradiciones y leyendas mexicanas, 1977
- Información localizada: (hdg. on IU rept.: Peza, Juan de Dios; usage: Juan de Dios Peza)
670 ## - FUENTE EN LA QUE SE LOCALIZARON DATOS
- Cita de la fuente: LC data base, 3-7-86
- Información localizada: (hdg.: Peza, Juan de Dios, 1852-1910)
670 ## - FUENTE EN LA QUE SE LOCALIZARON DATOS
- Cita de la fuente: En su obra: Perucho, nieto de Periquillo, 1986:
- Información localizada: portada (Un Devoto del Pensador Mexicano) página 7 (attributed to Juan de Dios Peza, 1852-1910)
902 ## - CATALOGADOR
- Catalogador: NDAF/220822
